| 000 | 00955nam a2200229Ii 4500 | ||
|---|---|---|---|
| 003 | JO-AjNU | ||
| 008 | 230605s9999||||xx |||||||||||||| ||und|| | ||
| 017 | _a2021/11/6443 | ||
| 020 | _a978-9923-24-160-8 | ||
| 040 |
_aJO-AjNU _bara _erda _cJO-AjNU |
||
| 041 | _aara | ||
| 050 | 1 | 4 | _aLB1051.2022 |
| 100 | 3 |
_aالموسوي، نجم عبدالله، م.مشارك علي عبدالله غالي الموسوي, _eauthor _963893 |
|
| 245 | 0 | 0 | _aالتعليم والتعلم في ضوء معطيات علم النفس التربوي |
| 250 | _aالطبعة الاولى | ||
| 264 | 3 | 1 | _aعمان: دار ابن النفيس للنشر والتوزيع، 2022 |
| 300 | _a244ص | ||
| 336 |
_atext _btxt _2rdacontent |
||
| 337 |
_aunmediated _bn _2rdamedia |
||
| 338 |
_avolume _bnc _2rdacarrier |
||
| 650 | 4 |
_aعلم النفس التربوي-صعوبات التعلم-مهارات التدريس-التعليم الالكتروني-الطلبة _963894 |
|
| 999 |
_aA29005 _c32573 _d32573 |
||